Matemática iv /

Guardado en:
Autor Principal: Alcántara, Lidia E.
Formato: Libro
Publicado: Buenos Aires : Estrada, 1968
Materias:
Etiquetas: Agregar Etiqueta
Sin Etiquetas, Sea el primero en etiquetar este registro!
LEADER 00771nam a22002055a 4500
001 CEM.cems017891
005 20121113173714.0
008 130507s1968##################000#0#####d
003 CEMS
082 0 4 |a 510 
100 1 |a Alcántara, Lidia E. 
245 1 0 |a Matemática iv /  |c Lidia E. Alcántara 
260 |a Buenos Aires :  |b Estrada,  |c 1968 
300 |a 246 p. 
500 |a Texto de acuerdo con el programa oficial de 4to.año Bachillerato(1era. parte) y 4to. año Magisterio 
505 0 |a Números reales -- Números complejos -- Funciones elementales -- Sucesiones -- Nociones de geometría análitica plana 
653 |a Matemática 
653 |a Matemática-polimodal 
653 |a Matemática-esb 
859 |a CEMS  |b BIB. CEMS - Agricultura  |h 510  |i Al16a11  |p A1679.12  |t Ej.1  |v 4-1  |3 4-1